Countries A-Z by Neighbor #2 - Statistics

General Stats
  • This quiz has been taken 5,255 times
  • The average score is 22 of 24
Answer Stats
Neighbor Country % Correct
C United States Canada
99%
D Germany Denmark
97%
F Italy France
97%
H Austria Hungary
97%
J Syria Jordan
97%
O United Arab Emirates Oman
97%
A Libya Algeria
96%
I Malaysia Indonesia
96%
N Finland Norway
96%
Q Saudi Arabia Qatar
96%
E Somalia Ethiopia
94%
P Belarus Poland
94%
K Macedonia Kosovo
92%
R Bulgaria Romania
92%
B Guatemala Belize
91%
L Switzerland Liechtenstein
91%
U Argentina Uruguay
90%
Y Saudi Arabia Yemen
88%
V Italy Vatican City
87%
T Cambodia Thailand
86%
G Equatorial Guinea Gabon
84%
Z Angola Zambia
84%
M Morocco Mauritania
83%
S Liberia Sierra Leone
74%
No matching quizzes found
Score Distribution
Percent of People with Each Score
Percentile by Number Answered
Your Score History
You have not taken this quiz